| 000 | 00423nam a2200181Ia 4500 | ||
|---|---|---|---|
| 001 | 9898 | ||
| 005 | 20260306161752.0 | ||
| 008 | 260306t2014||||xx |||||||||||||| ||spa|| | ||
| 041 | _aESP | ||
| 082 |
_a808.066 _bC32 |
||
| 100 |
_aCassany, Daniel _eAUT |
||
| 245 | 0 |
_aDescribir el escribir: _bcómo se aprende a escribir |
|
| 260 | _c2014 | ||
| 300 |
_a _c |
||
| 650 | _aGEN | ||
| 654 | _aCHU | ||
| 942 |
_cLIB _dJUS _fJUS _2ddc _n |
||
| 999 |
_c9898 _d9898 |
||